| 000 | 00940nam a2200265Ia 4500 | ||
|---|---|---|---|
| 003 | OSt | ||
| 005 | 20220923211439.0 | ||
| 006 | a|||||r|||| 00| 0 | ||
| 007 | ta | ||
| 008 | 220922b |||||||| |||| 00| 0 hin d | ||
| 020 |
_a9789350007990 (hbk) _c375 |
||
| 024 | _a261,861 | ||
| 037 |
_b413, 28/01/2012, Eastern Book Linkers _cTextual |
||
| 040 |
_aARTS _cARTS _bhin |
||
| 041 |
_2hin _ahin |
||
| 082 | _aO15,3H00,1, 152Q1 | ||
| 100 |
_aवादरायण, संपा. _9156275 |
||
| 245 | 0 | _aसम्पूर्ण हितोपदेश | |
| 246 | _aSampūrṇa hitopadesha | ||
| 260 |
_aनयी दिल्ली _b वाणी प्रकाशन _c2011 |
||
| 300 |
_a241पृ. _ccm. |
||
| 650 | _aसंस्कृत साहित्य | ||
| 942 |
_hO15,3H00,1, 152Q1 _cTEXL _2CC |
||
| 999 |
_c299640 _d299640 |
||